Największe miasta Szwecji. - Statystyki

Ogólne statystyki
  • Ten quiz został rozwiązany 25 razy
    18 od ostatniego zresetowania
  • Średni wynik to 6 z 10
Statystyki odpowiedzi
liczba populacji Odpowiedź % Poprawnych
3 362,133 Malmo
100%
1 988,943 Sztokholm
100%
2 604,616 Goteborg
93%
5 167,404 Linkoping
57%
9 146,161 Jonkoping
50%
10 145,163 Norrkoping
50%
4 245,329 Uppsala
50%
7 159,349 Orebro
43%
6 159,662 Vasteras
36%
8 151,306 Helsigborg
0%
Nie znaleziono quizów pasujących do podanych kryteriów
Rozkład punktacji
Procent ludzi z każdym wynikiem
Percentyl według liczby udzielonych odpowiedzi
Twoja historia wyników
Nie rozwiązałeś tego quizu od ostatniego zresetowania